Pompéi (Registro nro. 87710)
[ vista simple ]
| 000 -ENCABEZADO | |
|---|---|
| Número de control [NR] | 00512nam a22001697a 4500 |
| 008 - DE LONGITUD FIJA DE DATOS DE ELEMENTOS - INFORMACIÓN GENERAL | |
| Elementos de longitud fija [NR] | 130821s1910 fr gr fre |
| 040 ## - FUENTE DE CATALOGACION [NR] | |
| Agencia de catalogación original [NR] | Co-BoUCM |
| Idioma de catalogación [NR] | spa |
| 041 00 - CODIGO DE IDIOMA [R] | |
| Código de idioma para texto/pista de sonido o título separado [R] | Francés |
| 100 ## - ASIENTO PRINCIPAL--NOMBRE PERSONAL [NR] | |
| Nombre personal [NR] | ThEDenat, Henry |
| ID Autoridad | 150674 |
| 245 00 - MENCION DE TITULO [NR] | |
| Título [NR] | Pompéi |
| Mención de responsabilidad, etc. [NR] | Henry Thédenat |
| 260 ## - PUBLICACION, DISTRIBUCION, ETC. (PIE DE IMPRENTA) [R] | |
| Lugar de publicación, distribución, etc. [R] | París (Francia) |
| Nombre del editor, distribuidor, etc. [R] | Librairie Renouard |
| Fecha de publicación, distribución, etc. [R] | 1910 |
| 300 ## - DESCRIPCION FISICA [R] | |
| Extensión [R] | 2. volúmenes |
| 490 ## - MENCION DE SERIE [R] | |
| Mención de serie [R] | Les Villes d'Art Célèbres |
| 500 ## - NOTA GENERAL [R] | |
| Nota general [NR] | V. 1. Vie publique |
| 942 ## - ELEMENTOS DE ENTRADA AGREGADOS (KOHA) | |
| Tipo de ítem principal el descrito en 300a | Libro |
| Tema principal | [No clasificado] |
| Edición | 1 |
| Parte restante de la signatura top. | T43 |
| Título oculto en OPAC | No |
| Sistema de clasificación | DEWEY |
| Clasificación | 937.01 |
| Signatura topográfica | Código de barras | Última vez visto | Ejemplar | Price effective from | Tipo de ítem | Perdido | Sistema de clasificación | Dañado | No prestable | Tipo de ítem específico | Suprimido | Ubicación habitual | Ubicación actual | Localización | Fecha de creación | Forma de adquisición | Costo |
|---|---|---|---|---|---|---|---|---|---|---|---|---|---|---|---|---|---|
| FCS 937.01 T43 | 120000977 | 09/07/2012 | Ej.2 | 03/02/2013 | Libro | DEWEY | Fondos especiales | Archivo Histórico | Archivo histórico | 28/02/2003 | Donación | 1000.00 | |||||
| FCS 937.01 T43 | 120000976 | 09/07/2012 | Ej.1 | 03/02/2013 | Libro | DEWEY | Fondos especiales | Archivo Histórico | Archivo histórico | 28/02/2003 | Donación | 1000.00 |